Top 15 Länder mit Covid-19-Todesfällen - 12. Feb 2021 - Statistiken

Allgemein
  • Dieses Quiz wurde 92 mal gespielt
  • Das Durchschnittsergebnis liegt bei 14 aus 24
Antwortstatistiken
Land % Korrekt
Vereinigte Staaten
98%
Frankreich
93%
Spanien
93%
Italien
92%
Deutschland
90%
Russland
87%
Brasilien
83%
Indien
83%
Vereinigtes Königreich
80%
Mexiko
73%
Argentinien
66%
Portugal
60%
Peru
48%
Südafrika
48%
Tschechien
45%
Iran
42%
Kolumbien
41%
Belgien
40%
Ungarn
33%
Slowenien
28%
Kroatien
27%
Bulgarien
20%
Bosnien und Herzegowina
18%
Nordmazedonien
5%
Keine übereinstimmenden Quizze gefunden
Verteilung der Resultate
Anzahl Personen mit jedem Resultat
Perzentil nach korrekt beantworteten Fragen
Ihre Resultats-Entwicklung
Sie haben dieses Quiz noch nicht gespielt